000 00265nam a2200121Ia 4500
008 190216s9999||||xx |||||||||||||| ||und||
100 _aDorothy King
245 0 _aInspired Lives
260 _bBlacke & Son
_c1951
300 _a147p
650 _aNovel
942 _cBK
999 _c11909
_d11909